One Piece - Lettre B - Statistiques

Statistiques générales
  • Ce quiz a été pris 97 fois
    95 depuis la dernière actualisation
  • Le résultat moyen est 17 sur 25
Statistiques - réponses
Indice Réponse % Correct
Surnom de l'empereur des mers Edward Newgate Barbe Blanche
99%
Surnom de l'homme qui à mangé deux fruits du démon Barbe Noire
99%
Monnaie utiliser dans le monde de One Piece Berry
98%
Navire restaurant très réputé à East Blue Baratie
95%
Deuxième détenteur du fruit de la barrière Bartoloméo
93%
Second de l'équipage du Heart Bepo
91%
Empereur frauduleux Baggy
90%
Organisation secrète qui avais pour chef Crocodile Baroque Works
90%
Musicien de l'équipage du Rhum Bar Brook
90%
Membre du CP9 qui était infiltré en tans que barman à Water 7 Blueno
89%
Intervention mobilisant 5 blindés et 5 vice-amiraux de la marines Buster Call
80%
seule et unique impératrice de l'histoire de One Piece Big Mom
73%
Pirate de la génération terrible ayant pour famille la haute noblesse Bonney
71%
Mr. 2 Bentham
68%
Tobiroppo probablement le plus puissant ( Avec Who's Who ) Black Maria
68%
Créature en laquelle se transforme Queen, grâce à son Zoan antique Brachiosaure
66%
Premier fruit de type Zoan introduit dans One Piece ( la créature ) Bison
55%
Ancien quartier général de l'armée révolutionnaire Baltigo
49%
Archipel végétal géant où Usopp s’est entraîné Boing
43%
Surnom de Chadros Higelyges Barbe Brune
39%
Type de fruit Zoan qui contient comme modèle le Bison, la Girafe, le taureaux ... Bovin
39%
Nom des navires de combat que Franky créait dans ça jeunesse Battle Franky
27%
Lieu du duel légendaire Ace vs Barbe Noire Banaro
22%
Coquillage de Skypiea permettant de stocker de l'air Breath Dial
20%
île natale de Portgas D. Rouge, où elle vivais avec Gol D. Roger avant son exécution Baterilla
10%
Aucun quiz correspondant
Distribution des résultats
% des personnes avec chaque résultat
Percentile par nombre de réponses
Votre historique - résultats
Vous n’avez pas pris ce quiz depuis la dernière actualisation